Racionalizácia a optimalizácia pohybu tovarov

Bibliographic Details
Main Authors: Mesároš, Ľudovít, 1930- (Author), Biathová, Jana (Author)
Format: Article
Language:Slovak
PhysicalDescription:Tb. 2. Diagr. 1. Res. rus., angl., nem.
Subjects:

MARC

LEADER 00000nab a2200000 a 4500
001 vtls000251411
003 SK-MaSNL
005 20260304064108.0
008 250422c1985 xo 0 slo
015 |a SNBRB19rr/mm-uuuuu 
035 |a CL0261525 
035 |a urn:nbn:sk:snk-ab2ga4 
035 |a (urnnbn)urn:nbn:sk:snk:ar-a02dyr 
035 |a (uuid)e07233d0-1491-4284-a129-9236845adc41 
040 |a SNKBUCL  |b slo  |c SNKBUCL  |e AACR2 
041 0 |a slo 
044 |a xo  |c SK 
080 |a 519.874  |2 1981 
080 |a 339.3  |2 1981 
080 |a 339.132.6  |2 1981 
080 |a 330.123.3  |2 1981 
080 |a 330.133  |2 1981 
100 1 |a Mesároš, Ľudovít,  |d 1930-  |4 aut  |9 40725 
245 1 0 |a Racionalizácia a optimalizácia pohybu tovarov  |c Ľudovít Mesároš, Jana Biathová 
300 |b Tb. 2. Diagr. 1. Res. rus., angl., nem. 
650 0 7 |a vnútorný obchod  |2 snkbucl  |9 2197 
650 0 7 |a optimalizačné modely  |2 snkbucl  |9 50126 
655 7 |a články z novín a časopisov  |2 snkbucl  |9 267496 
700 1 |a Biathová, Jana  |4 aut  |9 8736 
773 0 |t Ekonomické rozhľady  |g Roč. 18, č. 1 (1985), s. 31-38 
850 |a Slovenská národná knižnica 
852 |a Slovenská národná knižnica 
954 |a odborná, vedecká literatúra pôvodná (slovenská)  |2 lita 
958 |a article27 
958 |a RK 
958 |a OND 
958 |a EUIPO 
992 |a RBX 
999 |c 2745113  |d 2747043